[Event "88th UKR-ch"]
[Site "Lutsk UKR"]
[Date "2019.12.19"]
[Round "9"]
[White "Bernadskyi, Vitalii"]
[Black "Moiseenko, Olexandr"]
[WhiteElo "2593"]
[BlackElo "2623"]
[Result "1/2-1/2"]
[EventDate "2019.12.10"]
[PlyCount "28"]

1. e4 c5 2. Nf3 e6 3. b4 cxb4 4. a3 b6 5. d4 Nf6 6. e5 Nd5 7. axb4 Bxb4+ 8. Bd2 Bxd2+ 9. Nbxd2 O-O 10. Ne4 a5 11. c4 Nb4 12. Ra3 Bb7 13. d5 exd5 14. Nd6 Ba6 1/2-1/2

[Event "88th UKR-ch"]
[Site "Lutsk UKR"]
[Date "2019.12.19"]
[Round "9"]
[White "Eljanov, Pavel"]
[Black "Kuzubov, Yuriy"]
[WhiteElo "2663"]
[BlackElo "2667"]
[Result "1/2-1/2"]
[EventDate "2019.12.10"]
[PlyCount "40"]

1. d4 Nf6 2. c4 e6 3. Nf3 d5 4. g3 Be7 5. Bg2 O-O 6. O-O dxc4 7. Qc2 a6 8. a4 Bd7 9. Qxc4 Bc6 10. Bg5 Bd5 11. Qc2 Be4 12. Qc1 h6 13. Bxf6 Bxf6 14. Rd1 a5 15. Nc3 Bxf3 16. Bxf3 c6 17. e3 Na6 18. Qc2 Nb4 19. Qe2 Qb6 20. Ne4 Be7 1/2-1/2

[Event "88th UKR-ch"]
[Site "Lutsk UKR"]
[Date "2019.12.19"]
[Round "9"]
[White "Kryvoruchko, Yuriy"]
[Black "Kovchan, Alexander"]
[WhiteElo "2675"]
[BlackElo "2572"]
[Result "1-0"]
[EventDate "2019.12.10"]
[PlyCount "45"]

1. e4 c5 2. Nc3 d6 3. Nge2 Nf6 4. g3 g6 5. Bg2 Bg7 6. d3 Nc6 7. f4 Bd7 8. h3 h5 9. Be3 Qc8 10. Qd2 Rb8 11. a4 a6 12. Nd1 b5 13. axb5 axb5 14. Nf2 e5 15. c3 b4 16. O-O h4 17. g4 exf4 18. Bxf4 Ne5 19. d4 Nc4 20. Qe1 bxc3 21. e5 cxb2 22. exf6 Bxf6 23. Rb1 1-0

[Event "88th UKR-ch"]
[Site "Lutsk UKR"]
[Date "2019.12.19"]
[Round "9"]
[White "Vysochin, Spartak"]
[Black "Volokytin, Andriy"]
[WhiteElo "2512"]
[BlackElo "2641"]
[Result "1/2-1/2"]
[EventDate "2019.12.10"]
[PlyCount "30"]

1. e4 c5 2. Nf3 d6 3. Bb5+ Nd7 4. Ba4 Ngf6 5. O-O a6 6. c4 g6 7. Nc3 Bg7 8. d3 O-O 9. h3 b6 10. Rb1 Bb7 11. Bg5 h6 12. Be3 e6 13. Qd2 Kh7 14. b4 Qc7 15. Rfc1 Rab8 1/2-1/2